Statistics for Iconic lines in Songs

Click here to take the quiz!

General Stats

  • This quiz has been taken 21 times
  • The average score is 11 of 25

Answer Stats

HintAnswer% Correct
Go make some friends or you'll be lonely7 Years
63%
You didn't have to cut me offSomebody That I Used to Know
63%
I was getting kinda used to being _______ ___ _____Someone You Loved
63%
Is it too late to say _____ now?Sorry
63%
Might seduce your dad typeBad Guy
56%
I'll tell you my sins and you can sharpen your knifeTake me to Church
56%
So let's set the world on fireWe Are Young
56%
She said "do you love me?"God's Plan
50%
Blow a kiss, fire a gunLean On
50%
When I'm wiser and I'm olderWake Me Up
50%
You only get 1 shot don't lose your chanceLose Yourself
44%
Where are you now?Faded
38%
Lately, I've been, I've been thinkingHappier
38%
I still see my shadows in my roomLucid Dreams
38%
I'm waking up, to ash and dustRadioactive
38%
Lady, running down to the _______Riptide
38%
But I wanna stay with you until we're grey and oldSay you won't let go
38%
Lately I've been losing sleepCounting Stars
31%
When you feel my heat, look into my eyesDemons
31%
Sometimes all I think about is youHeat Waves
31%
I do the same thing, that I told you that I never wouldStay
31%
When our mamas sang us to sleepStressed out
31%
No, I can't sleep until I feel your touchBlinding Lights
25%
So you think you can stop me and spit in my eyeBohemian Rapsody
25%
This is the moment, tonight is the nightCan't Hold Us
19%

Score Distribution

Percentile by Number Answered

Percent of People with Each Score

Your Score History

You have not taken this quiz